Recuerdos de viaje por Francia y Bélgica, en 1840 a 1841 / (Record no. 159519)
[ view plain ]
| 000 -LEADER | |
|---|---|
| campo de control de longitud fija | 01219nam a2200253 i 4500 |
| 001 - NÚMERO DE CONTROL | |
| campo de control | 159519 |
| 003 - IDENTIFICADOR DE NÚMERO DE CONTROL | |
| campo de control | ES-MaACL |
| 005 - FECHA Y HORA DE LA ÚLTIMA TRANSACCIÓN | |
| campo de control | 20231226174858.0 |
| 008 - DATOS DE LONGITUD FIJA--INFORMACIÓN GENERAL | |
| campo de control de longitud fija | 991001s1881 sp |||| |dspa d |
| 100 1# - ENTRADA PRINCIPAL--NOMBRE DE PERSONA | |
| Nombre de persona | Mesonero Romanos, Ramón de, |
| Fechas asociadas al nombre | 1803-1882 |
| 9 (RLIN) | 80672 |
| 245 10 - MENCIÓN DEL TÍTULO | |
| Título | Recuerdos de viaje por Francia y Bélgica, en 1840 a 1841 / |
| Mención de responsabilidad, etc. | su autor El Curioso Parlante. |
| 250 ## - MENCION DE EDICION | |
| Mención de edición | Nueva ed. corr. y aum. |
| 260 ## - PUBLICACIÓN, DISTRIBUCIÓN, ETC. | |
| Lugar de publicación, distribución, etc. | Madrid : |
| Nombre del editor, distribuidor, etc. | Oficinas de la Ilustración Española y Americana, |
| Fecha de publicación, distribución, etc. | 1881 ( |
| Fabricante | Imp., estereotipia y galvanoplastia de Aribau y Cª) |
| 300 ## - DESCRIPCIÓN FÍSICA | |
| Extensión | VII, 290 p. ; |
| Dimensiones | 21 cm. |
| 490 1# - MENCIÓN DE SERIE | |
| Mención de serie | Biblioteca selecta de autores contemporáneos. |
| -- | Obras de D. Ramón de Mesonero Romanos ; |
| Designación de volumen o secuencia | 4 |
| 530 ## - NOTA DISPONIBLE DE FORMULARIO FÍSICO ADICIONAL | |
| Nota de formato físico adicional disponible | Disponible en formato digital. |
| 594 ## - Nota al título y mención de responsabilidad | |
| Nota al título y mención de responsabilidad | El Curioso Parlante es seud. de Ramón de Mesonero Romanos. |
| 651 #4 - PUNTO DE ACCESO ADICIONAL DE MATERIA--NOMBRE GEOGRÁFICO | |
| Nombre geográfico | Francia- |
| Subdivisión general | Descripción. |
| 9 (RLIN) | 8676 |
| 651 #4 - PUNTO DE ACCESO ADICIONAL DE MATERIA--NOMBRE GEOGRÁFICO | |
| Nombre geográfico | Bélgica- |
| Subdivisión general | Descripción. |
| 9 (RLIN) | 159915 |
| 830 1# - PUNTO DE ACCESO ADICIONAL DE SERIE-TÍTULO UNIFORME | |
| Título uniforme | Biblioteca selecta de autores contemporáneos. |
| -- | Obras de D. Ramón de Mesonero Romanos ; |
| Designación de volumen o secuencia | 4 |
| 9 (RLIN) | 221944 |
| 852 ## - LOCALIZACIÓN | |
| Ubicación | ES-MaACL |
| Número de control de estantería | Z-30(II) |
| Nota libre | - Enc. hol. |
| Encuadernación | B-5674 |
| Signatura antigua | |
| 856 ## - LOCALIZACIÓN Y ACCESO ELECTRÓNICOS | |
| Identificador Uniforme de Recursos | <a href="http://bdh-rd.bne.es/viewer.vm?id=0000113126&page=1 ">http://bdh-rd.bne.es/viewer.vm?id=0000113126&page=1 </a> |
| Nota pública | Biblioteca Digital Hispánica |
| Estatus retirado | Estado de pérdida | Estado de daño | No para préstamo | Colección | Biblioteca de origen | Biblioteca actual | Ubicación en estantería | Fecha de adquisición | Total de préstamos | Signatura topográfica completa | Código de barras | Visto por última vez | Precio de reemplazo | Tipo de ítem Koha |
|---|---|---|---|---|---|---|---|---|---|---|---|---|---|---|
| Colección digital | Biblioteca del Ateneo de Madrid | Biblioteca del Ateneo de Madrid | Depósito Z | 17/01/2008 | Z-30(II) | 1166996 | 23/02/2023 | 23/02/2023 | Libro impreso antiguo |
